| 000 | 01197nab a2200229 i 4500 | ||
|---|---|---|---|
| 001 | 768714001 | ||
| 003 | CO-MdFUSB | ||
| 005 | 20240531062758.0 | ||
| 008 | 240529t1972 ag ||||| |||| 00| 0 spa d | ||
| 040 |
_bspa _cCO-MdFUSB _dCO-MdFUSB |
||
| 041 | _aspa | ||
| 100 |
_aEscobar, Samuel, _eautor |
||
| 245 |
_aReto al cristianismo _c/ Samuel Escobar |
||
| 520 | _aEn América Latina está una tercera parte de todos los católicos bautizados del mundo. Aquí la Iglesia Romana posee grandes propiedades rurales y urbanas, innumerables instituciones de enseñanza y un consenso social que le da poder más que en muchas otras partes del mundo. Por otra parte, en América Latina están también las comunidades de origen protestante que han experimentado un crecimiento numérico que asombra a todos los entendidos en historia eclesiástica. | ||
| 650 | 7 |
_aCristianismo _2 _922 |
|
| 650 | 0 |
_aProtestantismo _9947 |
|
| 650 | 0 |
_aEvangelización _9362 |
|
| 653 | _aLatino América | ||
| 773 | 0 |
_069974 _982716 _dBuenos Aires _oR2608 _tCerteza _w(CO-MdFUSB)768714001 _gNúmero 47, (1972) páginas: 197 - 199 _qpágina: 197 |
|
| 942 | _cANA | ||
| 945 | _aCatherine Arias Álvarez - Practicante SENA | ||
| 999 |
_c69975 _d69975 |
||